LIBRARY & INFORMATION CENTRE, KCAET, TAVANUR

ONLINE PUBLIC ACCESS CATALOGUE (OPAC)

Technology development for the preparation of quick - cooking fried rice and instant rice noodles (Record no. 15052)

MARC details
000 -LEADER
fixed length control field 00629nam a22001697a 4500
003 - CONTROL NUMBER IDENTIFIER
control field OSt
088 ## - REPORT NUMBER
Report number P 135
100 ## - MAIN ENTRY--AUTHOR NAME
Personal name AMBILI V. KUMAR
-- JUBY JOSE
-- SOUMYA K. S
245 ## - TITLE STATEMENT
Title Technology development for the preparation of quick - cooking fried rice and instant rice noodles
260 ## - PUBLICATION, DISTRIBUTION, ETC. (IMPRINT)
Place of publication Tavanur 2003
Name of publisher Kelappaji College of Agricultural Engineering and Technology
300 ## - PHYSICAL DESCRIPTION
Number of Pages 35
500 ## - GENERAL NOTE
General note Technology development for the preparation of quick - cooking fried rice and instant rice noodles
520 ## - SUMMARY, ETC.
Summary, etc instant food basmati rice
700 ## - ADDED ENTRY--PERSONAL NAME
Personal name Dr. Ganesan V (Guide)
942 ## - ADDED ENTRY ELEMENTS (KOHA)
Koha item type Project Report
Holdings
Collection code Home library Current library Shelving location Full call number Accession Number Koha item type
Reference KAUAET KAUAET Reference 631.56 AMB/TE P 135 Project Report
free website counter